Statistics for North American Sports Teams by Time Zone - Mountain

Click here to take the quiz!

General Stats

  • This quiz has been taken 63 times
  • The average score is 10 of 11

Answer Stats

MLBAnswer% Correct
MLBColorado Rockies
96%
NFLDenver Broncos
96%
NBADenver Nuggets
96%
NHLColorado Avalanche
95%
NFLArizona Cardinals
91%
MLBArizona Diamondbacks
91%
NBAPhoenix Suns
91%
NBAUtah Jazz
89%
NHLEdmonton Oilers
85%
NHLArizona Coyotes
84%
NHLCalgary Flames
84%

Score Distribution

Percentile by Number Answered

Percent of People with Each Score

Your Score History

You have not taken this quiz